| 000 | 00394pam a2200157a 44500 | ||
|---|---|---|---|
| 008 | 230405s2010 xxu||||| |||| 00| 0 eng d | ||
| 041 | _aENG | ||
| 100 | _aSHARMA S P | ||
| 245 | _aBASIC RADIO &TELIVISION | ||
| 260 |
_aNEWDELHI _bTATAMCGRAWHILL _c2010 |
||
| 300 | _a700p. | ||
| 440 | _aSOURCE=SANKAPAL BOOK SELLERS SANGLI | ||
| 650 | _aVOCATIONAL | ||
| 690 | _aVOCATIONAL | ||
| 906 | _a10356 | ||
| 999 |
_c790572 _d790572 |
||